Famous people who were murdered #2 - Statistics

General Stats
  • This quiz has been taken 69 times
  • The average score is 7 of 16
Answer Stats
Picture Answer % Correct
John F. Kennedy
100%
Mahatma Gandhi
100%
Martin Luther King
98%
John Lennon
96%
Tupac Shakur
82%
Franz Ferdinand
54%
Benazir Bhutto
53%
Yitzhak Rabin
30%
Sam Cooke
28%
Park Chung-hee
12%
Reinhard Heydrich
12%
Anna Lindh
7%
Theo van Gogh
4%
Jo Cox
2%
Stjepan Radic
2%
Anna Politikovskaja
0%
No matching quizzes found
Score Distribution
Percent of People with Each Score
Percentile by Number Answered
Your Score History
You have not taken this quiz